[Event "LNA Copa Puma"]
[Site "Argentina ARG"]
[Date "2007.08.11"]
[Round "1"]
[White "Real de Azua,E"]
[Black "Roman,F"]
[Result "1-0"]
[WhiteElo "2435"]
[BlackElo "2319"]

1.e4 c5 2.Nf3 Nc6 3.Bb5 Qb6 4.Nc3 e6 5.Bxc6 bxc6 6.O-O d5 7.d3 Nf6 8.e5 Nd7
9.Re1 Be7 10.b3 h6 11.Na4 Qd8 12.Ba3 O-O 13.Rc1 Qa5 14.Qd2 Qxd2 15.Nxd2 Re8
16.c4 Ba6 17.Nf3 Rac8 18.h4 Bf8 19.Re2 f6 20.Rce1 Kf7 21.g4 Rc7 22.h5 Bc8
23.Bb2 Nb6 24.Nc3 f5 25.g5 hxg5 26.Nxg5+ Kg8 27.Kh2 g6 28.hxg6 Rg7 29.Nh7 Rxg6
30.Nxf8 Kxf8 31.Rg1 Rh6+ 32.Kg2 Kf7 33.Ba3 d4 34.Na4 Rg8+ 35.Kf1 Rxg1+ 36.Kxg1 Nd7
37.Bxc5 Rh3 38.Bxd4 Rxd3 39.Bxa7 Nf8 40.Be3 Ng6 41.f4 Rd1+ 42.Kf2 Rh1 43.Rd2 Rh4
44.Rd8  1-0

[Event "LNA Copa Puma"]
[Site "Argentina ARG"]
[Date "2007.08.11"]
[Round "1"]
[White "Ginzburg,Ma"]
[Black "Balzano,I"]
[Result "1-0"]
[WhiteElo "2455"]
[BlackElo "2030"]

1.e4 c5 2.Nf3 Nc6 3.Bb5 g6 4.Bxc6 dxc6 5.Nc3 Bg7 6.d3 e5 7.h3 Nf6 8.Be3 Qe7
9.Qd2 h6 10.O-O-O Bd7 11.Nh2 O-O-O 12.f4 exf4 13.Bxf4 c4 14.Nf3 b5 15.e5 Ne8
16.dxc4 g5 17.Bh2 a6 18.cxb5 axb5 19.Rhe1 g4 20.hxg4 Bxg4 21.Qxd8+ Qxd8 22.Rxd8+ Kxd8
23.Nd4 Bd7 24.Ne4 Rg8 25.Rf1 Rf8 26.Nc5 Nc7 27.Nb7+ Ke7 28.e6 Bxd4 29.Bd6+ Kxe6
30.Bxf8 Be3+ 31.Kb1 f5 32.Re1 Kf7 33.Rxe3 Kxf8 34.Nc5 Bc8 35.Ra3 Ke7 36.Rh3  1-0

[Event "Open"]
[Site "Callao PER"]
[Date "2007.08.11"]
[Round "4"]
[White "Soto,Jor"]
[Black "Vasquez,R"]
[Result "1/2-1/2"]
[WhiteElo "2341"]
[BlackElo "2522"]

1.e4 c5 2.Nf3 Nc6 3.Bb5 e6 4.Bxc6 bxc6 5.O-O Ne7 6.Re1 Ng6 7.e5 f6 8.Na3 fxe5
9.Nxe5 Nxe5 10.Rxe5 d5 11.d4 Qf6 12.Bg5 Qf7 13.c3 Bd6 14.Re3 O-O 15.Bh4 Rb8
16.Rf3 Qe8 17.dxc5 Bxc5 18.b4 Bd6 19.Bg3 Bxg3 20.hxg3 e5 21.Re3 Qf7 22.Qd2 e4
23.Nc2 Qg6 24.c4 Rf5 25.g4 Rg5 26.Rg3 Qf6 27.Re1 h6 28.f3 Be6 29.Nd4 Bd7  1/2-1/2

[Event "Open"]
[Site "Kavala GRE"]
[Date "2007.08.11"]
[Round "8"]
[White "Kapnisis,S"]
[Black "Oleksienko,M"]
[Result "0-1"]
[WhiteElo "2412"]
[BlackElo "2567"]

1.e4 c5 2.Nf3 Nc6 3.Bb5 g6 4.O-O Bg7 5.c3 Nf6 6.e5 Nd5 7.d4 cxd4 8.cxd4 O-O
9.Nc3 Nc7 10.Bf4 Nxb5 11.Nxb5 a6 12.Nc3 d6 13.exd6 exd6 14.h3 h6 15.Qb3 g5
16.Be3 Na5 17.Qb4 d5 18.Rac1 Re8 19.Na4 Nc4 20.Qc3 Bxh3 21.b3 Nxe3 22.fxe3 Be6
23.Nc5 Rc8 24.Qb4 g4 25.Nxe6 Rxe6 26.Ne5 Rxc1 27.Rxc1 Qg5 28.Rc8+ Kh7 29.Qc3 Bxe5
30.dxe5 Qxe5 31.Qxe5 Rxe5 32.Rc7 Kg6 33.Kf2 b5 34.Ra7 Kg5 35.Rxa6 Rf5+ 36.Kg1 g3
37.Rb6 Re5 38.Rxb5 f5 39.Kf1 Rxe3 40.Rxd5 h5 41.b4 Rc3 42.Rd1 h4 43.b5 Rc2
44.Rb1 f4 45.b6 h3 46.gxh3 f3 47.b7 Rh2 48.Rb5+ Kf6 49.Rb6+ Kf7 50.Ke1 Re2+  0-1

[Event "FSIMA August"]
[Site "Budapest HUN"]
[Date "2007.08.12"]
[Round "7"]
[White "Radnai,A"]
[Black "Izso,D"]
[Result "1/2-1/2"]
[WhiteElo "2252"]
[BlackElo "2200"]

1.e4 c5 2.Nf3 Nc6 3.Bb5 g6 4.Bxc6 dxc6 5.d3 Bg7 6.h3 e5 7.Be3 b6 8.a4 Ne7
9.Qd2 O-O 10.Bh6 Qc7 11.Bxg7 Kxg7 12.Qc3 f6 13.Nbd2 Be6 14.Nc4 Bxc4 15.Qxc4 Nc8
16.O-O Nd6 17.Qc3 Nf7 18.a5 Qd6 19.axb6 axb6 20.Nd2 Qc7 21.Nc4 Nd6 22.Ne3 Nb5
23.Qc4 Qd7 24.Ra4 Nc7 25.Rxa8 Rxa8 26.Qb3 b5 27.Kh2 Ne6 28.Rd1 Qd6 29.c3 Ra7
30.g3 Ng5 31.h4 Qe6 32.Qxe6 Nxe6 33.h5 Ra2 34.Rd2 Kh6 35.hxg6 hxg6 36.Kg2 Kg5
37.Kf3 f5 38.exf5 gxf5 39.g4 f4 40.Nf5 b4 41.Nd6 bxc3 42.Ne4+ Kh4 43.Nxc3 Ra1
44.Ke4 Nd4 45.Rd1 Rxd1 46.Nxd1 Kxg4 47.Kxe5 Kf3 48.Nc3 Kxf2  1/2-1/2

[Event "Open"]
[Site "Callao PER"]
[Date "2007.08.12"]
[Round "7"]
[White "Soto,Jor"]
[Black "Zapata,K"]
[Result "1-0"]
[WhiteElo "2341"]
[BlackElo "1885"]

1.e4 c5 2.Nf3 Nc6 3.Bb5 e6 4.O-O Nge7 5.Re1 a6 6.Bf1 g6 7.c3 Bg7 8.d4 cxd4
9.cxd4 O-O 10.Nc3 d5 11.e5 b5 12.Bg5 h6 13.Bf4 Qb6 14.h4 Nf5 15.Ne2 h5 16.Qd2 b4
17.g3 a5 18.Bh3 Ba6 19.Bxf5 exf5 20.Be3 Bxe2 21.Qxe2 Nd8 22.Rec1 Ne6 23.Rc2 Rfc8
24.Rac1 Rxc2 25.Qxc2 Bf8 26.Qa4 Rb8 27.Kg2 b3 28.a3 Be7 29.Bd2 Ra8 30.Rc3 Rb8
31.Rc1 Ra8 32.Rc6 Qb7 33.Rc3 Rb8 34.Qxa5 Kg7 35.Qa4 Qb5 36.Qxb5 Rxb5 37.Rc1 Rb7
38.Kf1 Kf8 39.Ke2 Ke8 40.Kd3 Kd7 41.Be3 Nc7 42.Bg5 Bf8 43.Bd2 Bxa3 44.e6+ Kd8
45.Ba5 Bd6 46.exf7 Ke7 47.Ng5 Ra7 48.Bxc7 Rxc7 49.Rxc7+ Bxc7 50.Ne6  1-0

[Event "Open"]
[Site "Callao PER"]
[Date "2007.08.12"]
[Round "7"]
[White "Felgaer,R"]
[Black "Pazos Gambarrotti,P"]
[Result "1-0"]
[WhiteElo "2559"]
[BlackElo "2348"]

1.e4 c5 2.Nf3 Nc6 3.Bb5 g6 4.O-O Bg7 5.Re1 Nf6 6.e5 Nd5 7.b3 O-O 8.Bb2 d6
9.Bxc6 bxc6 10.h3 f6 11.exd6 exd6 12.d4 f5 13.Qd2 Nc7 14.Nc3 cxd4 15.Nxd4 Qd7
16.Na4 Bb7 17.Nf3 Bxb2 18.Nxb2 Rad8 19.Qb4 Nd5 20.Qc4 Qg7 21.Nd4 c5 22.Ne6 Qxb2
23.Nxd8 Rxd8 24.Rad1 Qc3 25.Qb5 Qb4 26.Re8+ Rxe8 27.Qxe8+ Kg7 28.c4 Nc3 29.Rxd6 Kh6
30.Qe3+ Kh5 31.g4+ fxg4 32.Qe5+  1-0

[Event "Open"]
[Site "Kavala GRE"]
[Date "2007.08.12"]
[Round "9"]
[White "Melia,S"]
[Black "Spasov,V"]
[Result "0-1"]
[WhiteElo "2372"]
[BlackElo "2583"]

1.e4 c5 2.Nf3 Nc6 3.Bb5 Nf6 4.d3 g6 5.Bxc6 bxc6 6.O-O Bg7 7.Re1 O-O 8.c3 d6
9.h3 e5 10.d4 cxd4 11.cxd4 exd4 12.Nxd4 Bb7 13.Nc3 Re8 14.Bf4 Qb6 15.Qd2 c5
16.Ndb5 Nxe4 17.Nxe4 Rxe4 18.Rxe4 Bxe4 19.Nxd6 Qxb2 20.Rc1 Qxd2 21.Bxd2 Bd5
22.a4 Bc6 23.Rxc5 Bxa4 24.Ra5 Bc2 25.Nb5 a6 26.Nc7 Rd8 27.Be3 Bd3 28.f3 h5
29.Kf2 Rc8 30.Bb6 Rb8 31.Be3 Rb2+ 32.Kg1 Rb1+ 33.Kh2 Bf1 34.Bf2 Ra1 35.Rxa1 Bxa1
36.Nd5 a5 37.Be1 a4 38.Bb4 Bb2 39.Ne3 Bd3 40.Nd1 Bc1 41.Bc3 a3 42.Nf2 Bc2
43.Bb4 Bb2  0-1

[Event "ch-AUT"]
[Site "Tweng AUT"]
[Date "2007.08.12"]
[Round "9"]
[White "Neumeier,K"]
[Black "Danner,G"]
[Result "1-0"]
[WhiteElo "2263"]
[BlackElo "2426"]

1.e4 c5 2.Nf3 Nc6 3.Bb5 g6 4.O-O Nf6 5.Re1 Bg7 6.e5 Nd5 7.Nc3 Nc7 8.Bxc6 bxc6
9.Ne4 Ne6 10.d3 Rb8 11.Rb1 O-O 12.Be3 d6 13.Qd2 f6 14.exd6 exd6 15.Bh6 d5
16.Bxg7 Kxg7 17.Ng3 d4 18.b3 Rb7 19.Re2 Re7 20.Rbe1 Rfe8 21.h3 h6 22.Nh4 Ng5
23.f4 Rxe2 24.Rxe2 Rxe2 25.Qxe2 Nf7 26.f5 g5 27.Ng6 Bxf5 28.Nxf5+ Kxg6 29.Qe4 Ne5
30.Nxd4+ Kf7 31.Qh7+ Ke8 32.Nf5 c4 33.d4 cxb3 34.axb3 Nd7 35.Nd6+  1-0

[Event "17th Chess Festival"]
[Site "Abu Dhabi UAE"]
[Date "2007.08.13"]
[Round "2"]
[White "Asrian,K"]
[Black "Venkatesh,M"]
[Result "1/2-1/2"]
[WhiteElo "2608"]
[BlackElo "2443"]

1.e4 c5 2.Nf3 Nc6 3.Bb5 g6 4.Bxc6 dxc6 5.h3 Bg7 6.d3 Nf6 7.Nc3 e5 8.Be3 Qd6
9.Qd2 h6 10.Nh2 Be6 11.O-O g5 12.Ne2 Nh5 13.Qc3 b6 14.g4 Nf4 15.Bxf4 gxf4
16.Nxf4 exf4 17.Qxg7 O-O-O 18.f3 c4 19.Rad1 cxd3 20.Rxd3 Qc5+ 21.Rf2 Bc4
22.Rxd8+ Rxd8 23.Kg2 Qe3 24.Qxh6 Kb7 25.Qh4 Rd1 26.b3 Be2 27.Nf1 Bxf1+ 28.Rxf1 Rd2+
29.Rf2 Qe1 30.Qe7+ Ka6 31.Qa3+ Kb7 32.Qe7+ Ka6 33.Qa3+  1/2-1/2

[Event "It"]
[Site "Kemerovo RUS"]
[Date "2007.08.13"]
[Round "11"]
[White "Karayel,A"]
[Black "Iwasaki,Y"]
[Result "0-1"]
[WhiteElo "1963"]
[BlackElo "2138"]

1.e4 c5 2.Nf3 Nc6 3.Bb5 g6 4.Bxc6 dxc6 5.d3 Bg7 6.h3 e5 7.Nc3 Qe7 8.Be3 Nf6
9.Qd2 h6 10.Nh2 Be6 11.b3 O-O-O 12.f3 Nd7 13.Na4 b6 14.a3 f5 15.O-O f4 16.Bf2 g5
17.Qe2 h5 18.b4 c4 19.dxc4 Bf6 20.Rfd1 Rdg8 21.c5 b5 22.Nc3 Bc4 23.Qd2 g4
24.fxg4 hxg4 25.Nxg4 Rxg4 26.hxg4 Nb8 27.Be1 Qh7 28.Kf2 Qh1 29.Ne2 Bh4+ 30.Kf3 Qf1+  0-1

[Event "17th Chess Festival"]
[Site "Abu Dhabi UAE"]
[Date "2007.08.14"]
[Round "3"]
[White "Toufighi,H"]
[Black "Ibrahim,I UAE"]
[Result "1-0"]
[WhiteElo "2391"]
[BlackElo "2165"]

1.e4 c5 2.Nf3 Nc6 3.Bb5 g6 4.O-O Bg7 5.Re1 e5 6.b4 d6 7.bxc5 dxc5 8.Ba3 Qd6
9.d4 exd4 10.e5 Qe7 11.Bxc6+ bxc6 12.Nbd2 Nh6 13.Ne4 O-O 14.Bxc5 Qc7 15.Bxf8 Kxf8
16.Qxd4  1-0

[Event "Acropolis Open"]
[Site "Athens GRE"]
[Date "2007.08.14"]
[Round "1"]
[White "Karlovich,A"]
[Black "Moutousis,K"]
[Result "0-1"]
[WhiteElo "2207"]
[BlackElo "2428"]

1.e4 c5 2.Nf3 Nc6 3.Bb5 e6 4.Bxc6 bxc6 5.b3 f6 6.O-O d5 7.Re1 e5 8.Ba3 Nh6
9.exd5 cxd5 10.d4 cxd4 11.Nxe5 fxe5 12.Rxe5+ Kf7 13.Qf3+ Qf6 14.Qxd5+ Be6
15.Qxa8 Qxe5 16.Qxa7+ Kg6 17.Nd2 Bxa3 18.Qxa3 d3 19.Rf1 dxc2 20.Nf3 Qd5 21.Re1 Rc8
22.Qc1 Nf7 23.h4 h6 24.Nd2 Qf5 25.Ne4 Bd5 26.f3 Kh7 27.Nd2 Ne5 28.Ne4 Bxe4
29.fxe4 Qd7  0-1

[Event "ch-Euro IBCA"]
[Site "Durham ENG"]
[Date "2007.08.14"]
[Round "1"]
[White "Garcia Magadan,R"]
[Black "Wassin,S"]
[Result "0-1"]
[WhiteElo "1994"]
[BlackElo "2299"]

1.e4 c5 2.Nf3 Nc6 3.Bb5 g6 4.Bxc6 dxc6 5.d3 Bg7 6.h3 Nf6 7.Nc3 O-O 8.Be3 b6
9.Qd2 Re8 10.Bh6 Bh8 11.O-O-O a5 12.h4 Bg4 13.Qg5 a4 14.e5 Bxf3 15.gxf3 a3
16.b3 Qd4 17.h5 Qxc3 18.hxg6 fxg6 19.Rdg1 Kf7 20.Qf4 Qd4 21.Qh2 Nh5 22.f4 e6
23.Rg5 Nxf4  0-1

[Event "Independence Cup A"]
[Site "Kyiv UKR"]
[Date "2007.08.14"]
[Round "2"]
[White "Nazarian,A"]
[Black "Melnichuk,M"]
[Result "0-1"]
[WhiteElo "1975"]
[BlackElo "2216"]

1.e4 c5 2.Nf3 Nc6 3.Bb5 g6 4.O-O Bg7 5.Re1 Nf6 6.d3 O-O 7.Nc3 Ne8 8.Be3 Nd4
9.e5 Nxf3+ 10.Qxf3 Bxe5 11.Bxc5 Bxh2+ 12.Kxh2 Qc7+ 13.Qg3 Qxc5 14.Re5 Qd6
15.Ne4 Qb4 16.Qh4 Qxb2 17.d4 Nf6 18.Rh1 Nxe4 19.Qxe4 d6 20.Qh4 dxe5 21.Qh6 f5
22.Bc4+ e6 23.d5 Qxc2 24.Rc1 Qxf2 25.dxe6 Bxe6 26.Bxe6+ Kh8 27.Rc7 Qf4+ 28.Qxf4 exf4
29.Rxb7 Rfe8 30.Bd5 a5 31.Rb5 Ra7  0-1

[Event "New England Masters"]
[Site "Peabody USA"]
[Date "2007.08.14"]
[Round "3"]
[White "Burnett,R"]
[Black "Milman,L"]
[Result "0-1"]
[WhiteElo "2373"]
[BlackElo "2499"]

1.e4 c5 2.Nf3 Nc6 3.Bb5 g6 4.O-O Bg7 5.c3 Nf6 6.Re1 O-O 7.h3 a6 8.Bf1 Qc7
9.a4 e5 10.d4 cxd4 11.cxd4 exd4 12.e5 Ne8 13.Nxd4 Bxe5 14.Nf3 Bg7 15.Nc3 Nf6
16.Bg5 d6 17.Bf4 Rd8 18.Bc4 h6 19.Rc1 g5 20.Nxg5 hxg5 21.Bxg5 Rf8 22.Bxf6 Bxf6
23.Nd5 Qd8 24.Re3 Bg7 25.Rg3 Qh4 26.Nb6 Rb8 27.Qxd6 Bf5 28.Qc5 Qxg3 29.Qxf5 Qe5  0-1

[Event "Independence Cup A"]
[Site "Kyiv UKR"]
[Date "2007.08.15"]
[Round "3"]
[White "Katsman,M"]
[Black "Nyzhnyk,I"]
[Result "1/2-1/2"]
[WhiteElo "2278"]
[BlackElo "2341"]

1.e4 c5 2.Nf3 Nc6 3.Bb5 d6 4.O-O Bd7 5.Re1 a6 6.Bf1 Bg4 7.d3 Bxf3 8.Qxf3 g6
9.c3 Bg7 10.Qe2 Nf6 11.Be3 Nd7 12.Nd2 O-O 13.g3 e6 14.Nf3 Qb6 15.Red1 Nde5
16.Nxe5 Bxe5 17.Qd2 Bh8 18.d4 cxd4 19.cxd4 Qa5 20.Qxa5 Nxa5 21.Rac1 Rac8
22.b3 Nc6 23.a4 Na5 24.Rb1 Rb8  1/2-1/2

[Event "TCh-ESP CECLUB Norte Div 1"]
[Site "Sabadell ESP"]
[Date "2007.08.16"]
[Round "2"]
[White "Colls Bosch,E"]
[Black "Burgos Figueroa,C"]
[Result "0-1"]
[WhiteElo "1998"]
[BlackElo "2237"]

1.e4 c5 2.Nf3 Nc6 3.Bb5 g6 4.O-O Bg7 5.Re1 Nf6 6.e5 Nd5 7.Nc3 Nc7 8.Bxc6 dxc6
9.d3 O-O 10.Be3 b6 11.h3 Nd5 12.Nxd5 Qxd5 13.Qd2 c4 14.dxc4 Qxc4 15.b3 Qe6
16.Bh6 c5 17.Bxg7 Kxg7 18.Rad1 Bb7 19.Qd7 Bxf3 20.gxf3 Rfd8 21.Qxe6 fxe6
22.Kg2 g5 23.Kg3 Kg6 24.f4 h6 25.fxg5 Kxg5 26.f4+ Kf5 27.c3 Rd5 28.Rxd5 exd5
29.Kf3 Rd8 30.Rd1 d4 31.cxd4 Rxd4 32.Re1 Rxf4+ 33.Kg3 Re4 34.Rf1+ Kxe5 35.Rf7 Kd4  0-1

[Event "17th Chess Festival"]
[Site "Abu Dhabi UAE"]
[Date "2007.08.17"]
[Round "6"]
[White "Swathi,G"]
[Black "Salem,AR"]
[Result "0-1"]
[WhiteElo "2317"]
[BlackElo "2218"]

1.e4 c5 2.Nf3 Nc6 3.Bb5 e6 4.Bxc6 bxc6 5.d3 Ne7 6.Qe2 f6 7.Nh4 g6 8.Nd2 Bg7
9.f4 O-O 10.O-O Qc7 11.Nb3 d6 12.Nf3 e5 13.fxe5 fxe5 14.Bg5 h6 15.Be3 Be6
16.Nbd2 Qd7 17.c3 g5 18.h4 g4 19.Ne1 g3 20.Nef3 Ng6 21.d4 cxd4 22.cxd4 Rab8
23.b3 Qe7 24.dxe5 Nxe5 25.Nxe5 Bxe5 26.Qh5 Bxa1 27.Rxa1 Qf6 28.e5 dxe5 29.Rf1 Qg7
30.Rxf8+ Rxf8 31.Bxh6 Qf6 32.Nf3 e4 33.Qg5+ Qxg5 34.Nxg5 Rd8 35.Kf1 Bg4  0-1

[Event "RC Sport Open"]
[Site "Ceska Trebova CZE"]
[Date "2007.08.17"]
[Round "9"]
[White "Manik,M"]
[Black "Smith,Ax"]
[Result "1/2-1/2"]
[WhiteElo "2457"]
[BlackElo "2284"]

1.e4 c5 2.Nf3 Nc6 3.Bb5 g6 4.O-O Bg7 5.Re1 e5 6.c3 Nge7 7.d4 cxd4 8.cxd4 exd4
9.Bf4 d6 10.Nxd4 O-O 11.Bxc6 Nxc6 12.Nxc6 bxc6 13.Nc3 Be5 14.Qd2 Rb8 15.b3 Be6
16.Rad1 Bxf4 17.Qxf4 Qa5 18.Rc1 d5 19.Qe5 Rfe8 20.exd5 Bd7 21.Qd4 cxd5 22.h3 Rxe1+
23.Rxe1 Be6 24.Qe5 Rc8 25.Re3 Qc5 26.Rd3 d4 27.Qxc5 Rxc5 28.Ne4 Rc1+ 29.Kh2 Rc2
30.a3 Ra2 31.a4 Bf5 32.Rxd4 Bxe4 33.Rxe4 Rxf2 34.b4 a6 35.Re8+ Kg7 36.a5 Rb2
37.Rb8 Rb3 38.Rb6 g5 39.Rxa6  1/2-1/2

[Event "RC Sport Open"]
[Site "Ceska Trebova CZE"]
[Date "2007.08.17"]
[Round "9"]
[White "Kulhanek,T"]
[Black "Pacher,M"]
[Result "1-0"]
[WhiteElo "2428"]
[BlackElo "2255"]

1.e4 c5 2.Nf3 Nc6 3.Bb5 g6 4.Bxc6 dxc6 5.d3 Bg7 6.h3 e5 7.O-O Qe7 8.Nc3 Nf6
9.Be3 O-O 10.Nh2 b6 11.Qd2 Ba6 12.b3 Rfe8 13.Bh6 Nh5 14.Bxg7 Kxg7 15.Ne2 Rad8
16.f4 Nxf4 17.Nxf4 exf4 18.Rxf4 Bc8 19.Nf3 f5 20.Re1 Qc7 21.Rh4 fxe4 22.Ng5 h5
23.Rhxe4 Rxe4 24.Rxe4 Rd4 25.Re8 Bf5 26.Qe3 Rd7 27.Ne6+ Bxe6 28.Rxe6 Kh7
29.Qe4 Qg3 30.Re5 Kg7 31.h4 Rf7 32.Re6 Kh6 33.Rxc6 Rg7 34.Rf6 Kh7 35.a4 Qc7
36.Qe8 c4 37.Rf8 Qc5+ 38.Kh1 Kh6 39.Rh8+ Rh7 40.dxc4 Qf2 41.Qf8+ Qxf8 42.Rxf8 Rd7
43.Ra8 g5 44.Rh8+ Kg7 45.Rxh5 gxh4 46.Rxh4 Rd2 47.c5 bxc5 48.Rc4 Rd5 49.Kg1 Kf6
50.Kf2 Kf5 51.Kf3 Kg5 52.Ke4 Rf5 53.Kd3 Rd5+ 54.Kc3 a5 55.Re4 Kf6 56.Re8 Rg5
57.Ra8 Ke6 58.Ra6+ Kd5 59.Rxa5 Rxg2 60.Kb2 Kc6 61.Ra6+ Kb7 62.Rf6 Rg4 63.Rh6 Rf4
64.a5 Rg4 65.Rb6+ Kc7 66.Rb5 Kc6 67.Rb8 Kc7 68.Rb5 Kc6 69.c4 Rg1 70.Rb6+ Kc7
71.Rf6 Rh1 72.a6 Rg1 73.a7 Rg8 74.Ra6 Ra8 75.Kc3 Kb7 76.Ra1 Kc6 77.Rh1 Rg8
78.Ra1 Ra8 79.Ra2 Kb6 80.Ra1 Kc6 81.b4 cxb4+ 82.Kxb4 Kb6 83.c5+ Kc6 84.Ra6+ Kb7
85.Kb5 Kc7 86.Rh6 Kb7 87.Rh7+  1-0

[Event "Independence Cup A"]
[Site "Kyiv UKR"]
[Date "2007.08.17"]
[Round "5"]
[White "Dolzhikova,K"]
[Black "Zontakh,A"]
[Result "1/2-1/2"]
[WhiteElo "2278"]
[BlackElo "2545"]

1.e4 c5 2.Nf3 Nc6 3.Bb5 Nf6 4.Nc3 g6 5.O-O Bg7 6.e5 Ng4 7.Bxc6 dxc6 8.Re1 O-O
9.h3 Nh6 10.d3 Nf5 11.Ne4 b6 12.c3 Ba6 13.d4 cxd4 14.g4 Nh6 15.cxd4 f5 16.exf6 exf6
17.Qb3+ Kh8 18.Bf4 Nf7 19.Rad1 Qd7 20.Qa3 Bc4 21.Nd6 Bd5 22.Re3 Nd8 23.Rde1 Ne6
24.Bg3 Bh6 25.R3e2 Nf4 26.Bxf4 Bxf4 27.Ne4 f5 28.Neg5 Bd6 29.Ne5 Qc7 30.Qg3 Kg8
31.Qh4 Qg7 32.Nd7 h6 33.Nxf8 hxg5 34.Qxg5 Rxf8 35.Re6 Bxe6 36.Rxe6 Kh7 37.Rxd6 c5
38.d5 fxg4 39.Qh4+ Kg8 40.Qxg4 g5 41.Rd7 Qf6 42.Qe6+ Qxe6 43.dxe6 Re8 44.e7 Kf7
45.Rxa7 Rc8 46.Kg2 c4 47.Kg3 b5 48.a3 c3 49.bxc3 Rxc3+ 50.Kg4 Rc5 51.h4 gxh4
52.Kxh4 b4 53.axb4 Rc4+ 54.Kg5 Rxb4 55.f4 Rb1 56.e8=Q+ Kxe8 57.Kg6 Kf8 58.f5 Rf1
59.Kf6 Kg8 60.Ra8+ Kh7 61.Rf8 Ra1 62.Re8 Ra6+ 63.Kf7 Ra7+ 64.Re7 Ra8 65.Rd7 Kh6
66.Ke7 Kg7 67.f6+ Kg6  1/2-1/2

[Event "Independence Cup A"]
[Site "Kyiv UKR"]
[Date "2007.08.17"]
[Round "5"]
[White "Katsman,M"]
[Black "Melnichuk,M"]
[Result "1-0"]
[WhiteElo "2278"]
[BlackElo "2216"]

1.e4 c5 2.Nf3 Nc6 3.Bb5 g6 4.O-O Bg7 5.Nc3 Nf6 6.Re1 O-O 7.d3 Ne8 8.Bxc6 dxc6
9.Be3 b6 10.d4 cxd4 11.Bxd4 Bg4 12.Bxg7 Nxg7 13.Qxd8 Rfxd8 14.Ne5 Bd7 15.Red1 Be8
16.Rxd8 Rxd8 17.Rd1 Rxd1+ 18.Nxd1 Ne6 19.f3 f6 20.Nd3 Kf7 21.Kf2 Nd4 22.c3 Nb5
23.Ke3 e5 24.c4 Nc7 25.c5 Ke7 26.Nc3 Bf7 27.b3 b5 28.b4 Na6 29.a3 Bc4 30.Nb2 Bb3
31.g3 g5 32.f4 gxf4+ 33.gxf4 exf4+ 34.Kxf4 Nc7 35.Ne2 Ne6+ 36.Ke3 Bc2 37.Ng3 Ng7
38.Kd2 Bb1 39.Nd1 Ba2 40.Kd3 Ke6 41.Ke2 Kf7 42.Nf2 Bb1 43.Ng4 Ne6 44.Ke3 Ng7
45.Nh6+ Ke6 46.Kf4 Kd7 47.Nhf5 Ne6+ 48.Ke3 Ke8 49.Nd6+ Kf8 50.Ngf5 a5 51.Nd4 Nxd4
52.Kxd4 axb4 53.axb4 Ke7 54.Ke3 Ke6 55.Kf4 Ba2 56.Nf5 Kd7 57.Nd4 Be6 58.h4 h5
59.e5 fxe5+ 60.Kxe5 Bg4 61.Kf6 Bd1 62.Ne6 Be2 63.Nf4 Bd1 64.Ng6 Be2 65.Ne5+ Kc7
66.Ke7 Bg4 67.Ng6 Bd7 68.Nf4 Bg4 69.Ne6+  1-0

[Event "Romanian Open"]
[Site "Predeal ROM"]
[Date "2007.08.17"]
[Round "8"]
[White "Murariu,A"]
[Black "Miron,L"]
[Result "0-1"]
[WhiteElo "2511"]
[BlackElo "2351"]

1.e4 c5 2.Nf3 Nc6 3.Bb5 d6 4.Bxc6+ bxc6 5.O-O e6 6.e5 d5 7.d3 Ne7 8.Nc3 Ng6
9.Re1 Be7 10.b3 Ba6 11.Bb2 O-O 12.g3 Qc7 13.Qe2 Rae8 14.h4 f5 15.Bc1 c4 16.dxc4 Bb4
17.Bd2 dxc4 18.h5 Ne7 19.Na4 c5 20.a3 Bxd2 21.Nxd2 f4 22.g4 f3 23.Qe3 Nd5
24.Qxc5 Qd8 25.Re4 Qh4 26.bxc4 Qh3 27.Nxf3 Qxf3 28.cxd5 Qxe4  0-1

[Event "Acropolis Open"]
[Site "Athens GRE"]
[Date "2007.08.18"]
[Round "5"]
[White "Macieja,B"]
[Black "Papadopoulos,I"]
[Result "1-0"]
[WhiteElo "2596"]
[BlackElo "2395"]

1.e4 c5 2.Nf3 Nc6 3.Bb5 g6 4.Bxc6 dxc6 5.d3 Bg7 6.h3 Nf6 7.Nc3 Nd7 8.Be3 e5
9.Qd2 Qe7 10.Bh6 f6 11.Bxg7 Qxg7 12.Nh4 Nf8 13.O-O-O Ne6 14.Ne2 Nd4 15.Nxd4 cxd4
16.f4 O-O 17.Nf3 Qe7 18.g4 c5 19.f5 b5 20.Rdg1 c4 21.Kb1 a5 22.g5 Ra6 23.h4 Qc5
24.h5 c3 25.Qc1 Bd7 26.hxg6  1-0

[Event "X Open"]
[Site "Banyoles ESP"]
[Date "2007.08.18"]
[Round "3"]
[White "Aroshidze,L"]
[Black "Kuipers,S"]
[Result "1-0"]
[WhiteElo "2470"]
[BlackElo "2245"]

1.e4 c5 2.Nf3 Nc6 3.Bb5 g6 4.Bxc6 dxc6 5.d3 Bg7 6.h3 Nf6 7.Nc3 O-O 8.Bf4 Nd7
9.Qd2 Re8 10.Bh6 Bh8 11.h4 e5 12.h5 Qe7 13.O-O-O Nf8 14.hxg6 fxg6 15.Rh4 Bf6
16.Bg5 h5 17.Bxf6 Qxf6 18.Rdh1 Ne6 19.Ne2 Re7 20.Qc3 Nd4 21.Nexd4 cxd4 22.Qd2 Kf8
23.Nxd4 g5 24.Rxh5 exd4 25.Rh8+  1-0

[Event "ch-Euro IBCA"]
[Site "Durham ENG"]
[Date "2007.08.18"]
[Round "5"]
[White "Meshkov,Y"]
[Black "Wassin,S"]
[Result "1-0"]
[WhiteElo "2418"]
[BlackElo "2299"]

1.e4 c5 2.Nf3 Nc6 3.Bb5 g6 4.O-O Bg7 5.Bxc6 dxc6 6.d3 e5 7.a4 Bg4 8.Be3 b6
9.Nbd2 Nf6 10.a5 O-O 11.Qb1 Nd7 12.b4 Bxf3 13.Nxf3 cxb4 14.Qxb4 Qc7 15.axb6 axb6
16.h4 h6 17.h5 c5 18.Qc4 g5 19.Nh2 Nf6 20.g4 Qc6 21.Rxa8 Rxa8 22.Rb1 Ra4
23.Qb5 Qxb5 24.Rxb5 Ra2 25.Rxb6 Rxc2 26.Rb8+ Kh7 27.Rb7 Kg8 28.Rb8+ Kh7 29.Rc8 Rc3
30.Rxc5 Rxd3 31.Rc4 Rb3 32.Bc5 Nd7 33.Ba7 Nf6 34.f3 Ne8 35.Kg2 Nd6 36.Rc7 Rb2+
37.Bf2 Bf8 38.Kg1 Kg8 39.Nf1 Rb1 40.Kg2 Rb8 41.Ng3 Nb5 42.Rd7 Nd6 43.Bc5 Ne8
44.Bxf8 Kxf8 45.Nf5 Rb6 46.Rd8 Rb2+ 47.Kg3 Rb6 48.Rc8 Ra6 49.Rb8 Rc6 50.Kf2 Ra6
51.Ke1 Ra1+ 52.Kd2 Ra2+ 53.Kc1 Ra6 54.Kb2 Rc6 55.Ra8 Rb6+ 56.Kc3 Rc6+ 57.Kb4 Rb6+
58.Kc5 Rb3 59.Nd6 Rc3+ 60.Kb4 Rxf3 61.Rxe8+ Kg7 62.Nf5+ Kf6 63.Rh8 Ke6 64.Rxh6+ f6
65.Kc5 Rc3+ 66.Kb6 Rb3+ 67.Kc7 Rb4 68.Nd6 Rb1 69.Ne8 Rf1  1-0

[Event "ch-Euro IBCA"]
[Site "Durham ENG"]
[Date "2007.08.18"]
[Round "5"]
[White "Draghici,G"]
[Black "Pirosca,A"]
[Result "1/2-1/2"]
[WhiteElo "2107"]
[BlackElo "2086"]

1.e4 c5 2.Nf3 Nc6 3.Bb5 g6 4.O-O Bg7 5.Re1 e5 6.b4 cxb4 7.a3 Nge7 8.Bb2 O-O
9.axb4 Qb6 10.Nc3 Nd4 11.Bf1 Nxf3+ 12.Qxf3 d6  1/2-1/2

[Event "Open A"]
[Site "Polanica Zdroj POL"]
[Date "2007.08.18"]
[Round "2"]
[White "Socko,M"]
[Black "Stachowiak,K"]
[Result "1-0"]
[WhiteElo "2479"]
[BlackElo "2301"]

1.e4 c5 2.Nf3 Nc6 3.Bb5 g6 4.O-O Bg7 5.c3 e5 6.d3 Nge7 7.Be3 d6 8.d4 cxd4
9.cxd4 O-O 10.d5 Nb8 11.Nfd2 f5 12.f3 Nd7 13.Nc3 Nf6 14.Be2 Nh5 15.Nc4 a6
16.Bb6 Qd7 17.Qb3 Bh6 18.Qa3 Rf6 19.Bd1 fxe4 20.Ba4 Qf5 21.fxe4 Qg5 22.Rxf6 Nxf6
23.Be3 Qxe3+ 24.Nxe3 Bxe3+ 25.Kh1 Bc5 26.b4 Bd4 27.Rf1 Ng4 28.Nd1  1-0

[Event "Acropolis Open"]
[Site "Athens GRE"]
[Date "2007.08.19"]
[Round "6"]
[White "Makka,I"]
[Black "Parginos,V"]
[Result "0-1"]
[WhiteElo "2187"]
[BlackElo "2226"]

1.e4 c5 2.Nf3 Nc6 3.Bb5 e6 4.O-O Nge7 5.b3 Ng6 6.Bb2 Be7 7.Bxc6 bxc6 8.Bxg7 Rg8
9.Bh6 e5 10.Kh1 d6 11.Nc3 Bg4 12.Ne2 Qd7 13.Nfg1 Nh4 14.f3 Be6 15.Ng3 O-O-O
16.Qe2 Rg6 17.Qa6+ Kb8 18.Be3 d5 19.d3 Rdg8 20.a3 h5 21.b4 d4 22.Bd2 Nxg2
23.Rfb1 Ka8 24.Kxg2 h4 25.Ne2 f5 26.exf5 Bxf5 27.bxc5 Bxc5 28.Ba5 Be6 29.Bb6 Bxb6
30.Rxb6 Bd5 31.Rab1 hxg3 32.hxg3 Bxf3+ 33.Kxf3 Rxg3+ 34.Kf2 Rg2+ 35.Ke1 Rxe2+
36.Kxe2 Qg4+ 37.Kd2 Qf4+ 38.Kd1 Rg1+  0-1

[Event "20th Open"]
[Site "Panevezys LTU"]
[Date "2007.08.19"]
[Round "3"]
[White "Ungurs,K"]
[Black "Pileckis,E"]
[Result "0-1"]
[WhiteElo "2169"]
[BlackElo "2326"]

1.e4 c5 2.Nf3 Nc6 3.Bb5 g6 4.O-O Bg7 5.c3 Nf6 6.Re1 O-O 7.Bxc6 dxc6 8.d4 Bg4
9.Nbd2 cxd4 10.cxd4 Ne8 11.h3 Be6 12.Nf1 Nc7 13.Bg5 Nb5 14.Be3 Qd7 15.Qd2 Rad8
16.Red1 f5 17.e5 Nc7 18.Bh6 Bd5 19.Bxg7 Kxg7 20.Ne1 Ne6 21.f4 Be4 22.Qe3 Nxd4
23.Rd2 c5 24.b4 b6 25.bxc5 bxc5 26.Qc3 Qb5 27.Qb2 Qa6 28.Ng3 Ne6 29.Rf2 Rd4
30.Qc3 Bd3 31.Nc2 Bxc2 32.Qxc2 Rc4 33.Qd2 Rd8 34.Qe3 Ra4 35.Ne2 Re4 36.Qb3 Rxe2  0-1

[Event "TCh-ESP CECLUB Norte Div 1"]
[Site "Sabadell ESP"]
[Date "2007.08.19"]
[Round "6"]
[White "Kalod,R"]
[Black "Teske,H"]
[Result "1/2-1/2"]
[WhiteElo "2486"]
[BlackElo "2578"]

1.e4 c5 2.Nf3 Nc6 3.Bb5 e5 4.O-O Nge7 5.c3 g6 6.d4 exd4 7.cxd4 cxd4 8.Nxd4 Bg7
9.Be3 O-O 10.Nc3 d5 11.Qa4 Nxd4 12.Bxd4 Bxd4 13.Qxd4 a6 14.Ba4 b5 15.Bb3 dxe4
16.Qe5 Bb7 17.Rad1 Qe8 18.Nxe4 Bxe4 19.Qxe4 Nc6 20.Bd5 Rc8 21.Qf3 Qd7 22.Rfe1 Rfe8
23.Rxe8+ Qxe8 24.h4 Ne5 25.Qf6 Ng4 26.Qf4 h5 27.Bf3 Qe5 28.Qxe5 Nxe5 29.Be4 Kf8
30.g3 Ke7 31.Kg2 Rc4 32.Re1 Kd6 33.Rd1+ Ke7 34.Re1 Kd6 35.Re2 Rd4 36.a3 a5
37.f4 Nc4 38.f5 Ne5 39.fxg6 fxg6 40.Kf2 Rd1 41.Ke3 Ke6 42.Kf4 Kf6 43.Ke3 Ng4+
44.Kf3 Ne5+ 45.Kf4 b4 46.axb4 axb4 47.Bc2 Rf1+ 48.Ke4 Nc6 49.Kd5 Ne7+ 50.Kc5 Rf3
51.Kxb4 Rxg3 52.Kc5 Nf5 53.Rf2 Ke5 54.Re2+ Kf6 55.Rf2 Ke5 56.Re2+  1/2-1/2